UITU Library & LRC     

Voice Recognition Using MATLAB (Record no. 33592)

MARC details
000 -LEADER
fixed length control field 00460nam a2200133Ia 4500
008 - FIXED-LENGTH DATA ELEMENTS--GENERAL INFORMATION
fixed length control field 260210s9999 xx 000 0 und d
024 ## - OTHER STANDARD IDENTIFIER
Standard number or code 08B-030-TE, 08B-002-TE & 08B-006-TE
082 ## - DEWEY DECIMAL CLASSIFICATION NUMBER
Classification number 006.454072 AFR
100 ## - MAIN ENTRY--PERSONAL NAME
Personal name Rahim Khan Afridi, Muhammad Zohaib Tariq Qureshi & Maaz Ali Khan
245 #0 - TITLE STATEMENT
Title Voice Recognition Using MATLAB
260 ## - PUBLICATION, DISTRIBUTION, ETC.
Place of publication, distribution, etc. Karachi:
Name of publisher, distributor, etc. UITU,
Date of publication, distribution, etc. 2008
600 ## - SUBJECT ADDED ENTRY--PERSONAL NAME
Personal name Telecommunication Engineering
650 ## - SUBJECT ADDED ENTRY--TOPICAL TERM
Topical term or geographic name entry element Bachelor of Engineering (BE)

No items available.

Powered by Koha